000 00504nam a2200205Ia 4500
001 14549
003 GE_BSU
008 181216s||||||||xx |||||||||||||| ||und||
020 _a0276424212
040 _cGE_BSU
080 _a641
245 _aFresh Fruit & Desserts. Reader's Digest
260 _aLondon
260 _bPublished by the Reader's Digest Association Limited
260 _c1999
300 _a160p.ill.25cm
653 _aFresh Fruit & Desserts
653 _aReader's Digest
942 _cBK
999 _c47680
_d47680